000 00598nam a22002297a 4500
003 UA-OsUOA
001 90355
007 ta
008 20121115b un ||||| |||| 00| 0 ukr d
100 _aЛисенко В.
090 _a821.161.2
_bЛ63
942 _cBK
040 _aUA-OsUOA
_bukr
_cUA-OsUOA
_dUA-OsUOA
245 _aЛегенди про Тараса
300 _a112 с.
955 _a3
041 _aukr
080 _a821.161.2
260 _aК.
_bДитвидав УРСР
_c1963
650 7 _a82 Література. Літературознавство
_2UDC
999 _c376314
_d376314